00955nam a2200217 i 450000100060000000300090000600500170001500700030003200800410003510000240007624501360010025001290023626000330036530000390039870000330043770000300047070000330050085200350053399900170056895201520058577258ES-MaACL20230906173129.0t|041007s1954 mx ||||1| spa d1 aHamel, Fred.96164510aEnciclopedia de la música / cpor Fred Hamel y Martin Hürlimann ; traducción y adaptación españolas por Otto Mayer-Serra. a3a ed. bcon estudios relativos a la música en Argentina [por Gastón O. Talamon], Brasil [por O. Mayer-Serra] y Uruguay. aMéxico : bCumbre, c1954. a3 v., 71 lám. : bil. ; c24 cm.1 aHürlimann, Martin.92093641 aMayer-Serra, Otto.9793681 aTalamon, Gastón O.9109105 aES-MaACLjC-15379-81 bR.43033 c77258d77258 001040708Colección_de_referencia aATENEOMbATENEOMcFICHd2008-01-17eSCl0oC-15379-81p1080833r2023-02-23 00:00:00w2023-02-23yMONOGRAFIA